| 000 | 01184nam a2200253Ia 4500 | ||
|---|---|---|---|
| 999 |
_c38546 _d38546 |
||
| 001 | 4647 | ||
| 003 | GE_BSU | ||
| 005 | 20190516201926.0 | ||
| 008 | 181216s1978|||| |||||||||||||| ||geo|| | ||
| 040 | _cGE_BSU | ||
| 041 | _ageo | ||
| 080 | _a531.1(07) ს–19 | ||
| 100 |
_aიაბლონსკი, ა. _91278 |
||
| 245 |
_aსაკურსო სამუშაოების მოცემულობათა კრებული თეორიულ მექანიკაში. / _cა.იაბლონსკი ; ს. ნორეიკო ; ს. ვოლფსონი ; რედ : ლ. მაღულარია. |
||
| 250 | _aთარგმ. მეორე შევს. და გადამუშ. გამოც. | ||
| 264 |
_aთბილისი .: _bგანათლება, _c1978. |
||
| 300 |
_a468 გვ. : _c22 სმ. |
||
| 653 | _aთეორიული მექანიკა. | ||
| 653 | _aფიზიკა | ||
| 700 |
_a ნორეიკო, ს _91279 |
||
| 700 |
_a ვოლფსონი, ს _91280 |
||
| 700 |
_a მაღულარია, ლ _eრედაქტორი _91281 |
||
| 942 |
_cBK _2udc |
||